Statistiques concernant Game Of Thrones : Sandor

Cliquez ici pour prendre le quiz!

Statistiques générales

  • Ce quiz a été pris 88 fois
  • Le résultat moyen est 4 sur 6

Statistiques - réponses

Informations recherchéesRéponses% Correct
AliasLe Limier / Le Chien
98%
MaisonClegane
92%
FrèreGregor Clegane
88%
ReligionFoi des Sept
52%
BlasonTrois chiens sur un fond jaune
21%
ActeurRory McCann
14%

Distribution des résultats

Percentile par nombre de réponses

% des personnes avec chaque résultat

Votre développement - résultats

Vous n’avez pas pris ce quiz